| Tag |
First Indicator |
Second Indicator |
Subfields |
| LEADER |
00000cam a2200000 a 4500 |
| 001 |
in00000763575 |
| 005 |
20151016171225.0 |
| 008 |
840618s1983 cc a 00110 chi |
| 010 |
|
|
|a 84157584
|
| 020 |
|
|
|c RMBY9.20
|
| 035 |
|
|
|a (OCoLC)15406343
|
| 035 |
|
|
|9 ADJ8721AM
|
| 040 |
|
|
|a DLC
|c DLC
|d m/c
|d TXA
|d UtOrBLW
|
| 043 |
|
|
|a a-cc---
|
| 049 |
|
|
|a TXAM
|c [A11492233]
|
| 050 |
0 |
0 |
|a DS736
|b .T793 1983
|
| 066 |
|
|
|c $1
|
| 082 |
0 |
|
|a 951/.0072
|2 19
|
| 100 |
1 |
|
|a Cui, Shu,
|d 1740-1816.
|
| 240 |
1 |
0 |
|a Works.
|f 1983
|
| 245 |
1 |
0 |
|a Tsʻui Tung-pi i shu /
|c Tsʻui Shu chuan chu ; Ku Chieh-kang pien ting.
|
| 250 |
|
|
|a Ti 1 pan.
|
| 264 |
|
1 |
|a Shang-hai :
|b Shang-hai ku chi chʻu pan she :
|b Hsin hua shu tien Shang-hai fa hsing so fa hsing,
|c 1983.
|
| 300 |
|
|
|a 2, 71, 46, 1093, 76 pages :
|b illustrations ;
|c 27 cm.
|
| 336 |
|
|
|a text
|b txt
|2 rdacontent
|
| 337 |
|
|
|a unmediated
|b n
|2 rdamedia
|
| 338 |
|
|
|a volume
|b nc
|2 rdacarrier
|
| 500 |
|
|
|a Literature.
|
| 500 |
|
|
|a Includes indexes.
|
| 651 |
|
0 |
|a China
|x History
|x Errors, inventions, etc.
|
| 700 |
1 |
|
|a Gu, Jiegang,
|d 1893-1980.
|
| 999 |
|
|
|a MARS
|
| 999 |
f |
f |
|s 83098d50-33db-33ca-892d-7d21ac251e10
|i 08151636-80e9-333e-b649-deefa0509240
|t 0
|
| 952 |
f |
f |
|p ric
|a Texas A&M University
|b Rellis Campus
|c Joint Library Facility
|d Remote Storage
|t 0
|e DS736 .T793 1983
|h Library of Congress classification
|i unmediated -- volume
|m A14811492233
|
| 998 |
f |
f |
|a DS736 .T793 1983
|t 0
|l Remote Storage
|